000 nam a22 7a 4500
999 _c45787
_d45787
003 OSt
005 20190408120501.0
008 190408b xxu||||| |||| 00| 0 eng d
040 _cIIMT UNIVERSITY
100 _aPRASAD DR V.S.
245 _aELECTROMRGNETIC FIELD THEORY
260 _aNEW DELHI
_bARIHANT PRAKASHAN.P.V.T.L.T.D.
300 _a372
942 _2ddc
_c09